Top 10 most famous finnish athletes - Statistics

General Stats
  • This quiz has been taken 74 times
  • The average score is 7 of 10
Answer Stats
Hint Answer % Correct
Formula 1 Kimi Räikkönen
97%
Basketball Lauri Markkanen
83%
Football Jari Litmanen
81%
Formula 1 Mika Häkkinen
81%
Ice hockey Teemu Selänne
81%
Ski jumping Matti Nykänen
72%
Distance running Paavo Nurmi
70%
Cross-Country skiing Iivo Niskanen
65%
Ice Hockey Jari Kurri
57%
Distance running Lasse Virén
38%
No matching quizzes found
Score Distribution
Percent of People with Each Score
Percentile by Number Answered
Your Score History
You have not taken this quiz